U.S. Media Markets on a Map - Statistics

General Stats
  • This quiz has been taken 38 times
  • The average score is 135 of 206
Answers on the Map
Answers color-coded by a green-red scale on the quiz's map according to % correct below.
 
Answer Stats
Answer % Correct
Austin, TX
95%
Dallas–Fort Worth
95%
Denver
95%
Detroit
95%
Miami–Fort Lauderdale
95%
Rochester–Mason City–Austin
95%
Tampa–St. Petersburg
95%
Atlanta
90%
Boston
90%
Chicago
90%
Houston
90%
Jackson, MS
90%
Jackson, TN
90%
Jacksonville
90%
Kansas City
90%
Los Angeles
90%
Milwaukee
90%
Minneapolis–St. Paul
90%
New York
90%
Oklahoma City
90%
Phoenix
90%
Salt Lake City
90%
San Antonio
90%
San Diego
90%
Seattle–Tacoma
90%
St. Louis
90%
Tallahassee–Thomasville
90%
Albuquerque–Santa Fe
86%
Charlotte
86%
El Paso
86%
Harrisburg–Lancaster–Lebanon–York
86%
Las Vegas
86%
Memphis
86%
Mobile–Pensacola
86%
Nashville
86%
Omaha
86%
Orlando–Daytona Beach–Melbourne
86%
Philadelphia
86%
Portland–Auburn
86%
Portland, OR
86%
Sacramento–Stockton–Modesto
86%
Tulsa
86%
Washington, D.C.
86%
Albany, GA
81%
Albany–Schenectady–Troy
81%
Baltimore
81%
Birmingham
81%
Buffalo
81%
Champaign–Urbana–Springfield–Decatur
81%
Cincinnati
81%
Cleveland–Akron
81%
Columbia–Jefferson City
81%
Columbia, SC
81%
Eugene
81%
Green Bay–Appleton
81%
Hartford–New Haven
81%
Indianapolis
81%
Joplin–Pittsburg
81%
New Orleans
81%
Norfolk–Portsmouth–Newport News
81%
Providence–New Bedford
81%
Raleigh–Durham
81%
San Francisco–Oakland–San Jose
81%
Springfield–Holyoke
81%
Springfield, MO
81%
Toledo
81%
Tucson
81%
Baton Rouge
76%
Boise
76%
Charleston–Huntington
76%
Cheyenne–Scottsbluff
76%
Colorado Springs–Pueblo
76%
Columbus, GA
76%
Columbus, OH
76%
Columbus–Tupelo–West Point–Starkville
76%
Corpus Christi
76%
Fargo–Valley City
76%
Grand Rapids–Kalamazoo–Battle Creek
76%
Helena
76%
Lincoln–Hastings–Kearney
76%
Louisville
76%
Minot–Bismarck–Dickinson
76%
Montgomery–Selma
76%
Panama City
76%
Pittsburgh
76%
Reno
76%
Richmond–Petersburg
76%
Savannah
76%
Amarillo
71%
Augusta–Aiken
71%
Burlington–Plattsburgh
71%
Butte–Bozeman
71%
Charleston, SC
71%
Dayton
71%
Duluth–Superior
71%
Fresno–Visalia
71%
Harlingen–Weslaco–Brownsville–McAllen
71%
Huntsville–Decatur
71%
Knoxville
71%
Little Rock–Pine Bluff
71%
Lubbock
71%
Madison
71%
Rochester, NY
71%
Santa Barbara–Santa Maria–San Luis Obispo
71%
Spokane
71%
Syracuse
71%
Waco–Temple–Bryan
71%
Wichita–Hutchinson
71%
Bakersfield
67%
Bangor
67%
Bend, OR
67%
Billings
67%
Cedar Rapids–Waterloo–Iowa City–Dubuque
67%
Chattanooga
67%
Des Moines–Ames
67%
Erie
67%
Fort Myers–Naples
67%
Greensboro–High Point–Winston–Salem
67%
Lansing
67%
Laredo
67%
Shreveport–Texarkana
67%
Sioux Falls
67%
Topeka
67%
Wilkes Barre–Scranton–Hazleton
67%
Wilmington, NC
67%
Casper–Riverton
62%
Evansville
62%
Fort Smith–Fayetteville–Springdale–Rogers
62%
Gainesville
62%
Lafayette, IN
62%
Lafayette, LA
62%
Lexington
62%
Missoula
62%
Odessa–Midland
62%
Peoria–Bloomington
62%
South Bend–Elkhart
62%
Flint–Saginaw–Bay City
57%
Fort Wayne
57%
Greenville–Spartanburg–Asheville–Anderson
57%
Idaho Falls–Pocatello
57%
La Crosse–Eau Claire
57%
Monroe–El Dorado
57%
Roanoke–Lynchburg
57%
West Palm Beach–Fort Pierce
57%
Wichita Falls–Lawton
57%
Yakima–Pasco–Richland–Kennewick
57%
Chico–Redding
52%
Davenport–Rock Island–Moline
52%
Eureka
52%
Rapid City
52%
Rockford
52%
Sioux City
52%
Utica
52%
Youngstown
52%
Yuma–El Centro
52%
Alexandria, LA
48%
Beaumont–Port Arthur
48%
Charlottesville
48%
Dothan
48%
Great Falls
48%
Greenville–New Bern–Washington
48%
Greenwood–Greenville
48%
Hattiesburg–Laurel
48%
Johnstown–Altoona–State College
48%
Macon
48%
Monterey–Salinas
48%
Abilene–Sweetwater
43%
Biloxi–Gulfport
43%
Binghamton
43%
Jonesboro
43%
Lake Charles
43%
Myrtle Beach–Florence
43%
Palm Springs
43%
Tyler–Longview
43%
Grand Junction–Montrose
38%
Paducah–Cape Girardeau–Harrisburg
38%
Presque Isle
38%
Traverse City–Cadillac
38%
Victoria
38%
Wheeling–Steubenville
38%
Bowling Green
33%
Elmira
33%
Harrisonburg
33%
Marquette
33%
Medford–Klamath Falls
33%
Meridian
33%
San Angelo
33%
Twin Falls
33%
Lima
29%
North Platte
29%
Quincy–Hannibal–Keokuk
29%
Salisbury
29%
St. Joseph
29%
Terre Haute
29%
Tri-Cities, TN-VA
29%
Wausau–Rhinelander
29%
Clarksburg–Weston
24%
Parkersburg
24%
Sherman–Ada
24%
Watertown
24%
Alpena
19%
Bluefield–Beckley–Oak Hill
14%
Glendive
14%
Mankato
14%
Ottumwa–Kirksville
14%
Zanesville
14%
No matching quizzes found
Score Distribution
Percent of People with Each Score
Percentile by Number Answered
Your Score History
You have not taken this quiz